[Event "Staatsliga A 1998/99"]
[Site "Graz"]
[Date "1999.01.16"]
[Round "7.2"]
[White "Polzin, Rainer"]
[Black "Poldauf, Dirk"]
[Result "0-1"]
[WhiteElo "2420"]
[BlackElo "2410"]
[PlyCount "142"]
[EventDate "1998.11.13"]

1. g3 Nf6 2. Bg2 g6 3. c4 Bg7 4. Nc3 O-O 5. Nf3 d6 6. O-O e5 7. d3 Re8 8. Rb1
c6 9. Ne1 h6 10. e4 Be6 11. f4 exf4 12. gxf4 Ng4 13. Nf3 Qb6+ 14. d4 Bxc4 15.
Re1 Na6 16. b3 Be6 17. h3 Nf6 18. Be3 Qa5 19. Rc1 Qh5 20. Nd2 Qxd1 21. Rexd1 d5
22. e5 Nd7 23. Nf1 f5 24. Nd2 Bf8 25. Bf1 Nc7 26. Nf3 Be7 27. Kh2 Kf7 28. Be2
Rg8 29. Rg1 Rg7 30. Rg2 Rag8 31. Rcg1 b6 32. h4 a6 33. h5 gxh5 34. Rxg7+ Rxg7
35. Rxg7+ Kxg7 36. Kh3 c5 37. Na4 c4 38. Nh4 b5 39. Nc3 b4 40. Nd1 c3 41. Nf2
Nb8 42. Bd3 Bxh4 43. Kxh4 Kg6 44. Nh1 Nc6 45. Ng3 Bd7 46. Ne2 Ne7 47. Ng1 Bb5
48. Bc2 Ne6 49. Kh3 Bf1+ 50. Kg3 h4+ 51. Kf2 Bb5 52. Nf3 Ng7 53. Nxh4+ Kf7 54.
Ke1 Ke6 55. Kf2 a5 56. Ke1 Ne8 57. Kf2 Nc7 58. Ke1 Be8 59. Bd3 Nb5 60. Ke2 Na3
61. Bc1 Bb5 62. Ke3 Bxd3 63. Kxd3 Nb5 64. Be3 Nc6 65. Nf3 Kf7 66. Bf2 Nd8 67.
Nh4 Ne6 68. Nxf5 Nxf4+ 69. Ke3 c2 70. Kd2 c1=Q+ 71. Kxc1 Nd3+ 0-1

[Event "Staatsliga A 1998/99"]
[Site "Graz"]
[Date "1999.01.16"]
[Round "7.3"]
[White "Baumegger, Siegfried"]
[Black "Schwarz, Michael"]
[Result "1-0"]
[WhiteElo "2360"]
[BlackElo "2400"]
[PlyCount "73"]
[EventDate "1998.11.13"]

1. c4 c5 2. Nc3 Nc6 3. Nf3 g6 4. e3 Bg7 5. d4 d6 6. d5 Na5 7. e4 Nf6 8. Be2 O-O
9. O-O Bg4 10. Nd2 Bxe2 11. Qxe2 Nd7 12. Nb3 a6 13. Nxa5 Qxa5 14. Bd2 Rfb8 15.
f4 b5 16. cxb5 axb5 17. e5 b4 18. Ne4 dxe5 19. fxe5 Nxe5 20. a3 Qd8 21. d6 exd6
22. Bg5 Qf8 23. axb4 Rxa1 24. Rxa1 Rxb4 25. Nf6+ Kh8 26. Ra3 Qb8 27. Rh3 Bxf6
28. Bxf6+ Kg8 29. Ra3 Qb7 30. h3 h6 31. Qd2 g5 32. Qxd6 Rxb2 33. Rg3 Rb1+ 34.
Kh2 Ng6 35. Qd8+ Kh7 36. h4 gxh4 37. Qh8+ 1-0

[Event "Staatsliga A 1998/99"]
[Site "Graz"]
[Date "1999.01.16"]
[Round "7.4"]
[White "Danner, Georg"]
[Black "Thinius, Marco"]
[Result "1-0"]
[WhiteElo "2340"]
[BlackElo "2335"]
[PlyCount "81"]
[EventDate "1998.11.13"]

1. d4 Nf6 2. Nf3 e6 3. e3 b6 4. Bd3 Bb7 5. O-O c5 6. c4 Be7 7. Nc3 cxd4 8. exd4
d5 9. cxd5 Nxd5 10. Ne5 O-O 11. Qh5 Nf6 12. Qh4 Ne4 13. Qh3 Qxd4 14. Bf4 f5 15.
Nb5 Qd8 16. Rfd1 Bd5 17. Bxe4 fxe4 18. Rxd5 Qxd5 19. Nc3 Qb7 20. Qxe6+ Kh8 21.
Nf7+ Rxf7 22. Qxf7 Nc6 23. Qd5 Rd8 24. Qxe4 Rd4 25. Qf3 Qd7 26. Rd1 Qe6 27. Be3
Rxd1+ 28. Qxd1 Bf6 29. Qd2 h6 30. h3 Qc4 31. Nd5 Bxb2 32. Nxb6 Qxa2 33. Nd5
Qa1+ 34. Kh2 Be5+ 35. g3 Qb2 36. Qd3 Qb7 37. Qf5 Bb2 38. Nf4 Ne7 39. Qf7 Qe4
40. Qxe7 Qxe7 41. Ng6+ 1-0

[Event "Staatsliga A 1998/99"]
[Site "Graz"]
[Date "1999.01.16"]
[Round "7.5"]
[White "Freitag, Manfred"]
[Black "Frosch, Erich"]
[Result "0-1"]
[WhiteElo "2400"]
[BlackElo "2280"]
[PlyCount "80"]
[EventDate "1998.11.13"]

1. d4 Nf6 2. c4 e6 3. Nc3 d5 4. Nf3 c6 5. Bg5 Nbd7 6. e3 Be7 7. Qc2 O-O 8. Rd1
Qa5 9. Nd2 dxc4 10. Bxf6 Nxf6 11. Nxc4 Qc7 12. Be2 Nd5 13. O-O Nxc3 14. bxc3 c5
15. Qb3 Rb8 16. a4 b6 17. Ne5 Bb7 18. Bc4 Kh8 19. f4 Bd6 20. Bd3 Rbc8 21. Qb1
g6 22. Rd2 f6 23. Nf3 Qe7 24. Rdf2 cxd4 25. cxd4 Rc3 26. Nd2 Rfc8 27. e4 Ba3
28. Nf3 Qb4 29. Qd1 Qb3 30. Qxb3 Rxb3 31. Bb5 Rc7 32. Ra2 Bc1 33. d5 exd5 34.
e5 fxe5 35. Nxe5 a6 36. Be2 Be3+ 37. Kh1 d4 38. h4 Rc1 39. Ra1 Rxa1 40. Rxa1
Bxf4 0-1

[Event "Staatsliga A 1998/99"]
[Site "Graz"]
[Date "1999.01.16"]
[Round "7.6"]
[White "Kotz, Heinz Peter"]
[Black "Casagrande, Harald"]
[Result "1/2-1/2"]
[WhiteElo "2265"]
[BlackElo "2360"]
[PlyCount "93"]
[EventDate "1998.11.13"]

1. e4 d5 2. exd5 Nf6 3. d4 Nxd5 4. c4 Nb6 5. Nf3 g6 6. Be2 Bg7 7. O-O O-O 8.
Nc3 Bg4 9. c5 N6d7 10. Qb3 b6 11. Be3 c6 12. Rfd1 e6 13. Ne4 Nf6 14. Nxf6+ Bxf6
15. h3 Bxf3 16. Bxf3 Qc7 17. Qc2 b5 18. a4 b4 19. a5 Na6 20. Qa4 Rac8 21. Be2
Qb7 22. Bf4 Rfd8 23. Bd6 Rd7 24. Bc4 Rcd8 25. Rac1 Bg5 26. Rb1 Bf6 27. Rbc1 Bg5
28. Ra1 Bf6 29. Qb3 Re8 30. Rd3 Bd8 31. Re3 Bc7 32. Qd3 Nb8 33. Bxc7 Qxc7 34.
Qe4 Qd8 35. Rd3 Qg5 36. Rad1 Red8 37. Qe1 Qf4 38. Qxb4 Kg7 39. Qc3 Kg8 40. b4
a6 41. Rf3 Qh4 42. Rfd3 Qf6 43. Qd2 Qh4 44. Qc3 Ra7 45. R3d2 Rb7 46. Rd3 Rbd7
47. R3d2 1/2-1/2

[Event "Staatsliga A 1998/99"]
[Site "Graz"]
[Date "1999.01.17"]
[Round "8.3"]
[White "Duer, Arne"]
[Black "Schwarz, Michael"]
[Result "1-0"]
[WhiteElo "2375"]
[BlackElo "2400"]
[PlyCount "75"]
[EventDate "1998.11.13"]

1. c4 g6 2. Nc3 c5 3. Nf3 Bg7 4. g3 Nc6 5. Bg2 e6 6. O-O Nge7 7. d3 O-O 8. Bf4
d5 9. Qc1 e5 10. Bh6 d4 11. Ne4 b6 12. a3 Bb7 13. b4 f5 14. Bxg7 Kxg7 15. Ned2
Qc7 16. Qb2 Nd8 17. e3 Rb8 18. exd4 exd4 19. Rfe1 Nf7 20. Re2 g5 21. Rae1 Ng6
22. Nb3 Bxf3 23. Bxf3 Nfe5 24. Nxd4 Kh6 25. Bd5 cxd4 26. Qxd4 Nc6 27. Bxc6 Qxc6
28. Re6 Qc7 29. h4 gxh4 30. Qxh4+ Kg7 31. Re7+ Nxe7 32. Rxe7+ Qxe7 33. Qxe7+
Kg8 34. c5 bxc5 35. bxc5 Rbd8 36. c6 Rc8 37. Qe6+ Kg7 38. d4 1-0

[Event "Staatsliga A 1998/99"]
[Site "Graz"]
[Date "1999.01.17"]
[Round "8.4"]
[White "Danner, Georg"]
[Black "Duer, Werner"]
[Result "0-1"]
[WhiteElo "2340"]
[BlackElo "2310"]
[PlyCount "173"]
[EventDate "1998.11.13"]

1. d4 d5 2. Nf3 c6 3. e3 Bf5 4. c4 e6 5. Nc3 Nf6 6. Bd3 Bg6 7. O-O Nbd7 8. Qe2
Be7 9. Bxg6 hxg6 10. e4 dxe4 11. Nxe4 Nxe4 12. Qxe4 O-O 13. Bf4 Qa5 14. Rfe1
Rfd8 15. Re2 Rac8 16. h3 b5 17. b3 bxc4 18. bxc4 Qa6 19. Rc1 Ba3 20. Rc3 c5 21.
Bg5 Nf6 22. Qd3 Bb4 23. Rb3 Qd6 24. Qb1 Ba5 25. Rd3 cxd4 26. Rxd4 Qa6 27. Qb5
Qxb5 28. cxb5 Rxd4 29. Nxd4 Rc4 30. Be3 Bb6 31. Nf3 Nd5 32. Bxb6 axb6 33. Rb2
f6 34. g3 Kf7 35. h4 e5 36. Nd2 Rc1+ 37. Kg2 Nc3 38. Nb3 Rb1 39. Rc2 Nxb5 40.
Rc6 Rb2 41. Rxb6 Nc3 42. Rb7+ Kg8 43. Nc5 Rxb7 44. Nxb7 Nxa2 45. Nd6 Nc3 46.
Kf3 Kf8 47. Ke3 Ke7 48. Nc4 Ke6 49. Kd3 Nb5 50. Ke3 Nd6 51. Nb6 Kf5 52. Nd7 g5
53. hxg5 Kxg5 54. Nc5 Kg4 55. Ke2 e4 56. Ke3 f5 57. Ne6 g5 58. Ke2 Nc4 59. Kf1
e3 60. fxe3 Nxe3+ 61. Kf2 Nd1+ 62. Kg2 Nc3 63. Nd4 Ne4 64. Nf3 Kh5 65. Ne5 g4
66. Nd3 Kg5 67. Nf4 Kf6 68. Nh5+ Ke5 69. Nf4 Kd4 70. Ne6+ Ke3 71. Ng7 Nd6 72.
Ne6 Nc4 73. Ng7 Ke2 74. Kg1 Ne3 75. Nh5 Kf3 76. Nf4 Kxg3 77. Ne2+ Kf3 78. Nd4+
Ke4 79. Ne6 f4 80. Ng5+ Kf5 81. Nf7 g3 82. Nd6+ Kg4 83. Ne4 f3 84. Kh1 Kf4 85.
Nd2 f2 86. Nf1 g2+ 87. Kh2 0-1

[Event "Staatsliga A 1998/99"]
[Site "Graz"]
[Date "1999.01.17"]
[Round "8.5"]
[White "Laube, Bernhard"]
[Black "Frosch, Erich"]
[Result "0-1"]
[WhiteElo "2285"]
[BlackElo "2280"]
[PlyCount "70"]
[EventDate "1998.11.13"]

1. Nf3 b6 2. d4 Bb7 3. c4 e6 4. a3 Nf6 5. Nc3 Be7 6. d5 exd5 7. cxd5 O-O 8. e3
d6 9. Bd3 Nbd7 10. O-O Ne5 11. Bc2 Qd7 12. h3 c6 13. dxc6 Qxc6 14. e4 Rac8 15.
Nd4 Qd7 16. f4 Ng6 17. Nf5 Nxe4 18. Qg4 Nf6 19. Qg3 d5 20. Be3 Bc5 21. Nd4 Qe7
22. Rae1 Ne4 23. Bxe4 dxe4 24. f5 Qe5 25. Qf2 Nf4 26. Bxf4 Qxd4 27. Be3 Qe5 28.
Bxc5 Rxc5 29. Re3 Re8 30. f6 Qxf6 31. Qxf6 gxf6 32. Rxf6 Kg7 33. Rf4 f5 34. g4
Kg6 35. Kf2 Rd8 0-1

[Event "Staatsliga A 1998/99"]
[Site "Graz"]
[Date "1999.01.17"]
[Round "8.6"]
[White "Kotz, Heinz Peter"]
[Black "Gerhold, Michael"]
[Result "1/2-1/2"]
[WhiteElo "2265"]
[BlackElo "2265"]
[PlyCount "56"]
[EventDate "1998.11.13"]

1. e4 c5 2. Nf3 Nc6 3. d4 cxd4 4. Nxd4 Nf6 5. Nc3 e6 6. Ndb5 d6 7. Bf4 e5 8.
Bg5 a6 9. Na3 b5 10. Bxf6 gxf6 11. Nd5 Bg7 12. g3 f5 13. Bg2 O-O 14. exf5 Bxf5
15. Ne3 Ne7 16. Nxf5 Nxf5 17. Bxa8 Qxa8 18. O-O Nd4 19. f3 e4 20. fxe4 Qxe4 21.
c3 b4 22. Nc4 bxc3 23. Rf2 c2 24. Qh5 Nf3+ 25. Qxf3 Qxc4 26. Rc1 Bd4 27. Rcxc2
Bxf2+ 28. Rxf2 Re8 1/2-1/2

[Event "Staatsliga A 1998/99"]
[Site "Graz"]
[Date "1999.01.17"]
[Round "8.1"]
[White "Wells, Peter"]
[Black "Pinter, Jozsef"]
[Result "1/2-1/2"]
[WhiteElo "2515"]
[BlackElo "2595"]
[PlyCount "33"]
[EventDate "1998.11.13"]

1. Nf3 Nf6 2. c4 e6 3. g3 d5 4. Bg2 dxc4 5. Qa4+ Nbd7 6. Qxc4 a6 7. Qc2 c5 8.
Nc3 Ra7 9. O-O b6 10. d4 Bb7 11. Be3 Qa8 12. dxc5 Bxc5 13. Bxc5 Nxc5 14. Rfd1
O-O 15. b4 Ncd7 16. Rac1 h6 17. Qb2 1/2-1/2

[Event "Staatsliga A 1998/99"]
[Site "Graz"]
[Date "1999.01.17"]
[Round "8.3"]
[White "Grosar, Aljosa"]
[Black "Baumegger, Siegfried"]
[Result "1/2-1/2"]
[WhiteElo "2450"]
[BlackElo "2360"]
[PlyCount "86"]
[EventDate "1998.11.13"]

1. e4 e6 2. d4 d5 3. e5 c5 4. c3 Nc6 5. Nf3 Bd7 6. Be2 Nge7 7. Na3 Ng6 8. h4
Be7 9. h5 Nh4 10. Nxh4 Bxh4 11. Be3 cxd4 12. cxd4 O-O 13. Qd2 Be7 14. Nc2 Qb6
15. O-O Rac8 16. Rfc1 f6 17. exf6 Bxf6 18. b4 Nd8 19. Ne1 Nf7 20. Nf3 Bb5 21.
Bxb5 Qxb5 22. Rc5 Qd7 23. Bf4 b6 24. Rxc8 Rxc8 25. Re1 Nd6 26. Bxd6 Qxd6 27.
Qe3 Rc4 28. a3 h6 29. Qxe6+ Qxe6 30. Rxe6 Bxd4 31. Rd6 Rc1+ 32. Kh2 Bxf2 33.
Rxd5 Rc3 34. a4 Rc4 35. Rd2 Be3 36. Rd3 Bf4+ 37. g3 Bg5 38. Rd7 Bf6 39. Rxa7
Rxb4 40. Kg2 Rc4 41. Ra6 Rb4 42. Kf2 Rb3 43. Ra7 Ra3 1/2-1/2

[Event "Staatsliga A 1998/99"]
[Site "Graz"]
[Date "1999.01.17"]
[Round "8.4"]
[White "Thinius, Marco"]
[Black "Herndl, Harald"]
[Result "1-0"]
[WhiteElo "2335"]
[BlackElo "2375"]
[PlyCount "113"]
[EventDate "1998.11.13"]

1. e4 e6 2. d4 d5 3. Nc3 Nf6 4. Bg5 dxe4 5. Nxe4 Nbd7 6. Nf3 Be7 7. Nxf6+ Bxf6
8. h4 c5 9. Qd2 cxd4 10. Nxd4 Qb6 11. O-O-O O-O 12. Bc4 a6 13. Bb3 e5 14. Nf5
Nc5 15. Qd6 Nxb3+ 16. axb3 Bxg5+ 17. hxg5 Qxd6 18. Nxd6 b5 19. Rhe1 f6 20. gxf6
gxf6 21. c4 Ra7 22. Rd3 Rg7 23. g3 Rc7 24. f4 exf4 25. gxf4 Kh8 26. Kd2 Rg8 27.
Kc3 Bg4 28. Ne8 Rc6 29. Rd6 Rxd6 30. Nxd6 h5 31. c5 Bf3 32. Re3 Bg2 33. Nf5 Rg4
34. Ne7 h4 35. c6 Rg3 36. Kd2 Rg7 37. c7 Bb7 38. c8=Q+ Bxc8 39. Nxc8 Rd7+ 40.
Ke2 Rc7 41. Rc3 Rg7 42. Rh3 Rg2+ 43. Kd3 Rxb2 44. Rxh4+ Kg7 45. Kc3 Rf2 46. Nd6
Rf3+ 47. Kb4 Kg6 48. f5+ Kg5 49. Rd4 a5+ 50. Kxb5 Rxb3+ 51. Kc5 Re3 52. Ra4
Re5+ 53. Kc6 Kh5 54. Kd7 Re2 55. Rxa5 Kg4 56. Ra8 Kf4 57. Re8 1-0

[Event "Staatsliga A 1998/99"]
[Site "Graz"]
[Date "1999.01.17"]
[Round "8.6"]
[White "Casagrande, Harald"]
[Black "Fahrner, Kurt"]
[Result "1-0"]
[WhiteElo "2360"]
[BlackElo "2325"]
[PlyCount "107"]
[EventDate "1998.11.13"]

1. Nf3 d5 2. d4 c6 3. c4 Nf6 4. cxd5 cxd5 5. Nc3 Nc6 6. Bf4 Ne4 7. e3 Nxc3 8.
bxc3 g6 9. Be2 Bg7 10. O-O O-O 11. Rb1 Na5 12. Ne5 Bf5 13. Bd3 Bxd3 14. Qxd3
Rc8 15. Rfc1 e6 16. e4 b6 17. exd5 exd5 18. Qf3 f6 19. Ng4 Qd7 20. h4 Nc4 21.
Re1 Rfe8 22. Rbd1 Qf5 23. Qg3 Nb2 24. Rxe8+ Rxe8 25. Rf1 Qd3 26. Be3 f5 27. Nh2
Nd1 28. Nf3 Nxc3 29. Qd6 Qe4 30. Ng5 Qe7 31. Qc6 Ne2+ 32. Kh1 h6 33. Qxd5+ Kh8
34. Nf3 f4 35. Bd2 Rd8 36. Qc4 Nxd4 37. Bb4 Qf6 38. Qc7 Nxf3 39. Be7 Qe6 40.
Qxd8+ Kh7 41. gxf3 Qh3+ 42. Kg1 Qxf3 43. Qd7 Qc3 44. Bf8 Qd4 45. Qxg7+ Qxg7 46.
Bxg7 Kxg7 47. Rc1 Kf6 48. Rc7 Kf5 49. f3 Ke5 50. Rxa7 Kd4 51. Rg7 Ke3 52. Kg2
g5 53. hxg5 hxg5 54. Rxg5 1-0

[Event "Staatsliga A 1998/99"]
[Site "Graz"]
[Date "1999.01.17"]
[Round "8.2"]
[White "Hoelzl, Franz"]
[Black "Weinzettl, Ernst"]
[Result "1-0"]
[WhiteElo "2410"]
[BlackElo "2400"]
[PlyCount "81"]
[EventDate "1998.11.13"]

1. e4 e6 2. d4 d5 3. Nc3 Nf6 4. Bg5 Be7 5. e5 Nfd7 6. Bxe7 Qxe7 7. f4 a6 8. Nf3
b6 9. g3 c5 10. Bg2 Nc6 11. O-O Bb7 12. Kh1 O-O-O 13. dxc5 bxc5 14. Na4 f6 15.
exf6 gxf6 16. c3 Qd6 17. Qc2 Kb8 18. Rae1 Rde8 19. Rd1 Re7 20. Qf2 Na5 21. b3
Qc7 22. b4 Nc4 23. Nd2 Nxd2 24. Rxd2 Rc8 25. Rb1 cxb4 26. cxb4 Qc6 27. Nb2 Nb6
28. Nd3 Na4 29. h3 Qb5 30. Rb3 Rc4 31. Kh2 e5 32. fxe5 fxe5 33. Qf6 Qe8 34. Nc5
Nxc5 35. bxc5 Rxc5 36. Qxa6 Qc6 37. Qf1 e4 38. Qf4+ Rc7 39. Rdb2 Ka7 40. Qe3
Kb8 41. Rb6 1-0

[Event "Staatsliga A 1998/99"]
[Site "Graz"]
[Date "1999.01.17"]
[Round "8.3"]
[White "Herzog, Adolf"]
[Black "Steflitsch, Erich"]
[Result "1-0"]
[WhiteElo "2400"]
[BlackElo "2325"]
[PlyCount "69"]
[EventDate "1998.11.13"]

1. d4 d5 2. Nf3 Nf6 3. Bf4 c5 4. c3 Qb6 5. Qb3 c4 6. Qc2 g6 7. Nbd2 Bf5 8. Qc1
Nc6 9. h3 Bg7 10. g4 Be4 11. Bg2 O-O 12. O-O Rfe8 13. Bh2 Bxf3 14. Nxf3 Rad8
15. Qc2 Ne4 16. Rad1 Qa5 17. a3 e6 18. Nd2 Nxd2 19. Qxd2 b5 20. Qg5 Qb6 21. e4
f6 22. Qe3 e5 23. exd5 exd4 24. Qg3 Na5 25. Rxd4 f5 26. Rdd1 Be5 27. Qf3 Bxh2+
28. Kxh2 Qd6+ 29. Kh1 fxg4 30. Qxg4 Nb3 31. f4 Re3 32. f5 Rg3 33. Qe2 Nc5 34.
f6 Nd3 35. Qe7 1-0

[Event "Staatsliga A 1998/99"]
[Site "Graz"]
[Date "1999.01.17"]
[Round "8.4"]
[White "Titz, Heimo"]
[Black "Staudner, Oliver"]
[Result "1/2-1/2"]
[WhiteElo "2305"]
[BlackElo "2350"]
[PlyCount "129"]
[EventDate "1998.11.13"]

1. c4 Nf6 2. Nc3 g6 3. e4 d6 4. d4 Bg7 5. Be2 O-O 6. Nf3 e5 7. Be3 Na6 8. O-O
Ng4 9. Bg5 Qe8 10. h3 h6 11. Bc1 Nf6 12. dxe5 dxe5 13. Be3 Qe7 14. Nd5 Qd8 15.
Qc2 c6 16. Nxf6+ Qxf6 17. Rad1 Nc7 18. Bc5 Re8 19. Bd6 Na6 20. c5 Bf8 21. Qc3
Bxd6 22. Rxd6 Qe7 23. Rfd1 Nc7 24. b4 Kg7 25. a4 f6 26. b5 cxb5 27. axb5 Ne6
28. c6 Rd8 29. Rxd8 Nxd8 30. Qa5 Be6 31. c7 Nf7 32. b6 a6 33. Qc3 Kf8 34. Bc4
Qc5 35. Bxe6 Qxc3 36. Bxf7 Ke7 37. Bd5 Qc2 38. Re1 Qb2 39. Bxb7 Qxb6 40. Bxa8
Qxc7 41. Bd5 Qc3 42. Rb1 g5 43. Rb7+ Kd8 44. Rb3 Qc1+ 45. Kh2 Qc5 46. Rb8+ Ke7
47. Rb7+ Ke8 48. Rf7 Qb6 49. Rh7 Kf8 50. Kg3 a5 51. Rh8+ Kg7 52. Rg8+ Kh7 53.
h4 Qc5 54. hxg5 hxg5 55. Nh2 Qc3+ 56. Nf3 Qc1 57. Kh2 Qf4+ 58. Kg1 Qc1+ 59. Kh2
Qf4+ 60. Kh1 g4 61. Nh4 Qc1+ 62. Kh2 Qf4+ 63. Kg1 Qc1+ 64. Kh2 Qf4+ 65. Kh1
1/2-1/2

[Event "Staatsliga A 1998/99"]
[Site "Graz"]
[Date "1999.01.17"]
[Round "8.5"]
[White "Schneider_Zinner, Harald"]
[Black "Schumi, Manfred"]
[Result "1-0"]
[WhiteElo "2300"]
[BlackElo "2260"]
[PlyCount "95"]
[EventDate "1998.11.13"]

1. d4 Nf6 2. c4 c5 3. Nf3 cxd4 4. Nxd4 e5 5. Nb5 d5 6. cxd5 Qa5+ 7. N5c3 b5 8.
Nd2 b4 9. Nce4 Nxe4 10. Nxe4 Bb7 11. Ng3 Bxd5 12. e4 Be6 13. Nf5 Bxf5 14. exf5
b3+ 15. Bd2 Bb4 16. a3 Bxd2+ 17. Qxd2 Qxd2+ 18. Kxd2 Nc6 19. Rc1 Rd8+ 20. Bd3
e4 21. Rxc6 Rxd3+ 22. Ke2 Ke7 23. Rd1 Rxd1 24. Kxd1 Rd8+ 25. Ke2 Rd5 26. g4 h5
27. h3 hxg4 28. hxg4 a5 29. Rc3 Kf6 30. Rxb3 Kg5 31. Ke3 Kxg4 32. Kxe4 Rd2 33.
Rg3+ Kh5 34. Rxg7 Rxb2 35. Rxf7 Rb3 36. Rg7 Rxa3 37. f6 Ra2 38. f3 Rb2 39. f7
Rb4+ 40. Ke5 Rb5+ 41. Ke6 Rb6+ 42. Ke7 Rb7+ 43. Ke6 Rb6+ 44. Ke5 Rb5+ 45. Ke4
Rb4+ 46. Ke3 Rb3+ 47. Ke2 Rb2+ 48. Kd1 1-0

[Event "Staatsliga A 1998/99"]
[Site "Graz"]
[Date "1999.01.17"]
[Round "8.6"]
[White "Petschar, Kurt"]
[Black "Plank, Franz"]
[Result "1/2-1/2"]
[WhiteElo "2260"]
[BlackElo "2270"]
[PlyCount "63"]
[EventDate "1998.11.13"]

1. e4 d5 2. exd5 Qxd5 3. Nc3 Qa5 4. d4 Nf6 5. Nf3 Ne4 6. Bd2 Nxd2 7. Qxd2 Bf5
8. Ne5 c6 9. Bc4 e6 10. g4 Bg6 11. f3 Nd7 12. Nxd7 Kxd7 13. h4 h5 14. O-O-O Rd8
15. Qe3 Kc7 16. Ne2 Bd6 17. Nf4 e5 18. Nxg6 fxg6 19. Qg5 hxg4 20. fxg4 Qb4 21.
Bd3 exd4 22. Qxg6 Bf4+ 23. Kb1 Qe7 24. Rdf1 Rhf8 25. g5 Be3 26. a3 Rxf1+ 27.
Rxf1 Rf8 28. Rxf8 Qxf8 29. h5 Kb6 30. Qe4 a6 31. Qe5 Qf4 32. Qxg7 1/2-1/2

[Event "Staatsliga A 1998/99"]
[Site "Graz"]
[Date "1999.01.17"]
[Round "8.2"]
[White "Chernin, Alexander"]
[Black "Popovic, Petar"]
[Result "1-0"]
[WhiteElo "2610"]
[BlackElo "2510"]
[PlyCount "37"]
[EventDate "1998.11.13"]

1. d4 Nf6 2. c4 g6 3. Nc3 Bg7 4. e4 d6 5. Nf3 O-O 6. Be2 e5 7. O-O c6 8. Qc2
exd4 9. Nxd4 Re8 10. Rd1 Qe7 11. f3 Nh5 12. Bf1 Nd7 13. Rb1 a5 14. Be3 f5 15.
Bf2 Ne5 16. Re1 f4 17. Nb3 b6 18. Nd4 Bd7 19. b3 {... 42} 1-0

[Event "Staatsliga A 1998/99"]
[Site "Graz"]
[Date "1999.01.17"]
[Round "8.3"]
[White "Penz, Harald"]
[Black "Kindermann, Stefan"]
[Result "1/2-1/2"]
[WhiteElo "2390"]
[BlackElo "2540"]
[PlyCount "23"]
[EventDate "1998.11.13"]

1. e4 e6 2. d4 d5 3. Nc3 Bb4 4. Bd2 Ne7 5. Bd3 c5 6. dxc5 Nbc6 7. exd5 exd5 8.
Qh5 Bxc5 9. Nf3 Be6 10. Ng5 Qd7 11. Nxe6 Qxe6+ 12. Qe2 1/2-1/2

[Event "Staatsliga A 1998/99"]
[Site "Graz"]
[Date "1999.01.17"]
[Round "8.4"]
[White "Stanec, Nikolaus"]
[Black "Bawart, Markus"]
[Result "1/2-1/2"]
[WhiteElo "2495"]
[BlackElo "2345"]
[PlyCount "39"]
[EventDate "1998.11.13"]

1. c4 c5 2. Nc3 Nc6 3. Nf3 e5 4. e3 Nf6 5. d4 cxd4 6. exd4 e4 7. Ne5 Bb4 8. Be2
Qa5 9. Nxc6 dxc6 10. Bd2 O-O 11. O-O Re8 12. a3 Bxc3 13. Bxc3 Qg5 14. Qc1 Qg6
15. Re1 Bg4 16. Bf1 h5 17. Qf4 h4 18. h3 Bxh3 19. Qxh4 Bg4 20. Qh2 1/2-1/2

[Event "Staatsliga A 1998/99"]
[Site "Graz"]
[Date "1999.01.17"]
[Round "8.5"]
[White "Loeffler, Stefan"]
[Black "Felsberger, Alfred"]
[Result "1-0"]
[WhiteElo "2385"]
[BlackElo "2395"]
[PlyCount "55"]
[EventDate "1998.11.13"]

1. Nf3 c5 2. g3 b6 3. Bg2 Bb7 4. O-O Nf6 5. c4 e6 6. Nc3 a6 7. Re1 d6 8. e4
Nbd7 9. d4 cxd4 10. Nxd4 Qc7 11. Nd5 exd5 12. exd5+ Kd8 13. Bf4 h6 14. Nc6+
Bxc6 15. dxc6 Nc5 16. b4 Ne6 17. Be5 Be7 18. c5 bxc5 19. bxc5 Nxc5 20. Rb1 Rb8
21. Qd2 Rxb1 22. Rxb1 Ke8 23. Bd4 Ne6 24. Rb7 Qc8 25. Bxf6 gxf6 26. Qb4 Nd8 27.
Ra7 Kf8 28. c7 1-0

[Event "Staatsliga A 1998/99"]
[Site "Graz"]
[Date "1999.01.17"]
[Round "8.1"]
[White "Lukacs, Peter"]
[Black "Hickl, Joerg"]
[Result "1/2-1/2"]
[WhiteElo "2475"]
[BlackElo "2540"]
[PlyCount "69"]
[EventDate "1998.11.13"]

1. d4 d6 2. Nf3 Nf6 3. c4 Nbd7 4. Nc3 c6 5. e4 e5 6. Be2 Be7 7. O-O O-O 8. h3
a6 9. Be3 b5 10. a3 Bb7 11. Qc2 exd4 12. Nxd4 g6 13. Rad1 Qc7 14. Nf3 Rfe8 15.
Rd2 Bf8 16. Rfd1 c5 17. cxb5 Nxe4 18. bxa6 Nxc3 19. Qxc3 Bxa6 20. Bxa6 Rxa6 21.
Qc4 Qb7 22. Qh4 h5 23. Ng5 Nf6 24. b4 Ne4 25. Nxe4 Rxe4 26. Qg3 cxb4 27. axb4
Rxb4 28. Rd5 Ra1 29. Rxa1 Qxd5 30. Rc1 Bg7 31. Bf4 Rb3 32. Qh4 Be5 33. Qd8+ Kg7
34. Bxe5+ Qxe5 35. Rd1 1/2-1/2

[Event "Staatsliga A 1998/99"]
[Site "Graz"]
[Date "1999.01.17"]
[Round "8.3"]
[White "Schroll, Gerhard"]
[Black "Topakian, Raffi"]
[Result "0-1"]
[WhiteElo "2400"]
[BlackElo "2335"]
[PlyCount "113"]
[EventDate "1998.11.13"]

1. c4 e5 2. Nc3 Bb4 3. g3 Bxc3 4. dxc3 d6 5. Bg2 Ne7 6. Nf3 Nbc6 7. e4 O-O 8.
O-O h6 9. Ne1 Be6 10. b3 Qd7 11. Nc2 Bh3 12. Ne3 Kh7 13. Bxh3 Qxh3 14. Qg4 Qxg4
15. Nxg4 f5 16. exf5 Nxf5 17. f3 a6 18. Ne3 Nxe3 19. Bxe3 b5 20. c5 d5 21. f4
b4 22. Rad1 Rad8 23. cxb4 d4 24. Bc1 e4 25. Rfe1 Rfe8 26. a3 h5 27. h3 Kg6 28.
g4 hxg4 29. hxg4 e3 30. Kg2 Re4 31. Kf3 Rde8 32. Rd3 Kf6 33. Bb2 g5 34. f5 Rf4+
35. Kg3 e2 36. Rd2 Re3+ 37. Kg2 Rxg4+ 38. Kf2 Rf4+ 39. Kg2 Rg4+ 40. Kf2 Rf4+
41. Kg2 Kxf5 42. Rdxe2 Rg4+ 43. Kf2 Rxb3 44. Bc1 Rbg3 45. Rf1 Ne5 46. Ke1+ Nf3+
47. Kd1 Rg1 48. Rxg1 Rxg1+ 49. Kc2 d3+ 50. Kxd3 Rxc1 51. Re7 g4 52. Rxc7 g3 53.
Rf7+ Kg4 54. Rg7+ Ng5 55. c6 g2 56. c7 g1=Q 57. c8=B+ 0-1

[Event "Staatsliga A 1998/99"]
[Site "Graz"]
[Date "1999.01.17"]
[Round "8.4"]
[White "Grabher, Heinz"]
[Black "Dueckstein, Andreas"]
[Result "1/2-1/2"]
[WhiteElo "2285"]
[BlackElo "2340"]
[PlyCount "77"]
[EventDate "1998.11.13"]

1. e4 e5 2. Nf3 Nc6 3. Bc4 Nf6 4. d4 exd4 5. O-O Nxe4 6. Re1 d5 7. Nc3 dxc4 8.
Rxe4+ Be6 9. Nxd4 Nxd4 10. Rxd4 Bd6 11. Bf4 O-O 12. Ne4 Bxf4 13. Rxd8 Raxd8 14.
Qf3 Be5 15. c3 Bd5 16. Qf5 Rfe8 17. Ng3 Bxg3 18. hxg3 Re2 19. Rd1 c6 20. b3 b5
21. bxc4 bxc4 22. Qb1 Rde8 23. a4 g6 24. a5 R8e7 25. Qb4 Kg7 26. a6 f5 27. Qc5
Kf7 28. g4 fxg4 29. Qd4 h5 30. Rb1 Re1+ 31. Rxe1 Rxe1+ 32. Kh2 Re7 33. Kg3 g5
34. Qc5 Rd7 35. Qe3 Kg6 36. Kh2 Rh7 37. Qe8+ Rf7 38. Qe3 Kf6 39. Qe8 1/2-1/2

[Event "Staatsliga A 1998/99"]
[Site "Graz"]
[Date "1999.01.17"]
[Round "8.5"]
[White "Neulinger, Manfred"]
[Black "Feistenauer, Fred"]
[Result "1-0"]
[WhiteElo "2270"]
[BlackElo "2300"]
[PlyCount "103"]
[EventDate "1998.11.13"]

1. e4 d5 2. exd5 Nf6 3. d4 Bg4 4. Bb5+ Nbd7 5. f3 Bf5 6. c4 a6 7. Bxd7+ Qxd7 8.
Ne2 e6 9. dxe6 Qxe6 10. d5 Qb6 11. Qd4 Qxd4 12. Nxd4 Bd3 13. b3 O-O-O 14. Kd2
Bxb1 15. Rxb1 c6 16. Bb2 cxd5 17. c5 g6 18. Ne6 Bh6+ 19. Kd3 fxe6 20. Bxf6 Rhf8
21. Bxd8 Kxd8 22. Rbe1 Kd7 23. Re2 Bg7 24. Rhe1 e5 25. Rxe5 Bxe5 26. Rxe5 Kc6
27. Re7 h6 28. Re6+ Kxc5 29. Rxg6 h5 30. Rg5 h4 31. h3 b5 32. Rg4 Rh8 33. b4+
Kd6 34. Kd4 Rh5 35. Rg6+ Ke7 36. f4 Rf5 37. Rg4 Rh5 38. Rg5 Rh6 39. Rxd5 Rc6
40. Rc5 Rd6+ 41. Ke3 Rg6 42. Re5+ Kf7 43. Kf2 Rd6 44. a3 Kf6 45. Ke3 Rd1 46.
Rc5 Rb1 47. Ke4 Re1+ 48. Kf3 Ra1 49. Rc6+ Kf5 50. Rxa6 Rb1 51. Rh6 Rb3+ 52. Kf2
1-0

[Event "Staatsliga A 1998/99"]
[Site "Graz"]
[Date "1999.01.17"]
[Round "8.6"]
[White "Gaertner, Guntram"]
[Black "Posch, Werner"]
[Result "1-0"]
[WhiteElo "2340"]
[BlackElo "2295"]
[PlyCount "81"]
[EventDate "1998.11.13"]

1. d4 d5 2. c4 Bf5 3. Nc3 e6 4. Qb3 Nc6 5. cxd5 exd5 6. Nf3 Nf6 7. Bg5 Na5 8.
Qa4+ c6 9. Bxf6 gxf6 10. e3 a6 11. Nh4 b5 12. Qd1 Bg6 13. Be2 Nc4 14. Bxc4 bxc4
15. Qa4 Qd7 16. Nxg6 hxg6 17. e4 Bh6 18. exd5 Kf8 19. Qxc4 Re8+ 20. Kf1 cxd5
21. Qxd5 Qg4 22. h3 Qf4 23. Rd1 Kg7 24. g3 Qb8 25. b3 Rc8 26. Qf3 f5 27. Kg2
Rhe8 28. Rd3 Qb4 29. Rhd1 Red8 30. Nd5 Qa3 31. Ne3 Qxa2 32. d5 Rb8 33. d6 Bg5
34. d7 Qa5 35. h4 Bf6 36. Nd5 Qc5 37. Nxf6 Kxf6 38. h5 Rb6 39. Qf4 Rb4 40. Rd6+
Kg7 41. Qg5 1-0